ბათუმის შოთა რუსთაველის სახელმწიფო უნივერსიტეტის ბიბლიოთეკა

თხზულებათა სრული კრებული : 20 ტომად. ტ. 3 : მხატვრული თარგმანები. (ბიბ.ჩანაწერი № 48793)

000 -LEADER
fixed length control field 01624nam a2200229Ia 4500
001 - CONTROL NUMBER
control field 15695
003 - CONTROL NUMBER IDENTIFIER
control field GE_BSU
008 - FIXED-LENGTH DATA ELEMENTS--GENERAL INFORMATION
fixed length control field 181216s||||||||xx |||||||||||||| ||und||
040 ## - CATALOGING SOURCE
Transcribing agency GE_BSU
080 ## - UNIVERSAL DECIMAL CLASSIFICATION NUMBER
Universal Decimal Classification number 821.353.1 + 821.03=353.1
100 ## - MAIN ENTRY--PERSONAL NAME
Personal name ჭავჭავაძე, ი. (ილია, 1837-1907)
245 ## - TITLE STATEMENT
Title თხზულებათა სრული კრებული : 20 ტომად. ტ. 3 : მხატვრული თარგმანები.
245 ## - TITLE STATEMENT
Statement of responsibility, etc. რედ.: გიორგი ციციშვილი. ტექსტი გამოსაც. მოამზადეს, ვარიანტები, შენიშვნ. და კომენტ. დაურთეს იზა დობორჯგინიძემ, მანანა იამანიძემ და თეიმურაზ ჩავლეიშვილმა ; ტომს იკონოგრაფ. მასალა და ფოტო-დოკუმენტები დაურთო გურამ შარაძემ ; მხატვ.: გ. ლომიძე
260 ## - PUBLICATION, DISTRIBUTION, ETC.
Place of publication, distribution, etc. თბილისი
260 ## - PUBLICATION, DISTRIBUTION, ETC.
Name of publisher, distributor, etc. საბჭ. საქართველო
260 ## - PUBLICATION, DISTRIBUTION, ETC.
Date of publication, distribution, etc. 1988
300 ## - PHYSICAL DESCRIPTION
Other physical details ვარიანტები, კომენტარები, შენიშვნები, გვ.: 59-755.
300 ## - PHYSICAL DESCRIPTION
Accompanying material ანოტირებული საძიებელი: გვ. 756-761.
653 ## - INDEX TERM--UNCONTROLLED
Uncontrolled term თხზულებათა სრული კრებული
653 ## - INDEX TERM--UNCONTROLLED
Uncontrolled term მხატვრული თარგმანები
942 ## - ADDED ENTRY ELEMENTS (KOHA)
Koha item type წიგნი
ეგზემპლარები
Withdrawn status Lost status Damaged status Not for loan Date acquired Barcode Date last seen Price effective from Koha item type
        2018-12-17 39070 2018-12-17 2018-12-17 წიგნი
        2018-12-17 39071 2018-12-17 2018-12-17 წიგნი
        2018-12-17 39072 2018-12-17 2018-12-17 წიგნი